Cómo entender a su hijo

Guardat en:
Dades bibliogràfiques
Autor principal: Hymes, James L (Autor)
Format: Llibre
Idioma:espanyol
Publicat: Buenos Aires Troquel 1969
Matèries:
Etiquetes: Afegir etiqueta
Sense etiquetes, Sigues el primer a etiquetar aquest registre!

MARC

LEADER 00000nam a2200000 a 4500
001 UCW4594
003 CL-VaPUC
008 900604e19690000AG |||||||||||||||||spa|d
082 0 4 |a 155.4  |b HYM  |2 21 
100 0 |a Hymes, James L  |e author  |9 309355 
245 1 0 |a Cómo entender a su hijo 
300 |a 188 p 
942 |c BK 
945 |d 19900604 00:00:00 
260 |a Buenos Aires  |b Troquel  |c 1969 
650 0 |a Psicología del niño  |9 307305 
650 0 |a Padres e hijos  |9 307753 
583 |a last modification  |c 20130106 10:45:14  |k Rodrigo Vera 
999 |c 218274  |d 218272 
952 |0 0  |1 0  |4 0  |6 155_400000000000000_HYM_1969  |7 0  |8 P  |9 207492  |a BIBEDU  |b BIBEDU  |c BIBEDU_PB  |d 2019-11-15  |i 2753219  |o 155.4 HYM 1969  |p 2753219  |r 2024-01-25  |w 2019-11-15  |y BK  |k EDU 
952 |0 0  |1 0  |4 0  |6 155_400000000000000_HYM_1969  |7 0  |8 P  |9 207493  |a BIBEDU  |b BIBEDU  |c BIBEDU_PB  |d 2019-11-15  |i 2753227  |o 155.4 HYM 1969  |p 2753227  |r 2024-01-25  |w 2019-11-15  |y BK  |k EDU